| 000 | 02075nam a2200289 a 4500 | ||
|---|---|---|---|
| 001 | 77909 | ||
| 003 | BD-RjUL | ||
| 005 | 20211209083049.0 | ||
| 008 | 210209s2002 bg ||||| m||| 00| 0 ben d | ||
| 035 | _a(BD-RjUL)78135 | ||
| 040 |
_aBD-RjUL _bben /eng _cBD-RjUL _dBD-RjUL |
||
| 041 | _aben | ||
| 082 |
_a305.48697 _bKHB 2002 _223 |
||
| 100 |
_aখাতুন, সৈয়দ নূরে কাছেদা _9244636 |
||
| 245 | 1 | 0 |
_aবাংলার সমাজে মুসলিম নারী : _bএকটি তাত্ত্বিক ও ঐতিহাসিক পর্যালোচনা (১৯০০-১৯৪৭) / _cসৈয়দ নূরে কাছেদা খাতুন ; _6গবেষণা তত্ত্বাবধায়ক : এ. কে. এম. ইয়াকুব আলী |
| 260 |
_aরাজশাহী : _bইসলামের ইতিহাস ও সংস্কৃতি বিভাগ, রাজশাহী বিশ্ববিদ্যালয়, _c২০০২ |
||
| 300 |
_avi, ৩৫২ পাতা ; _c২৯ সেমি. |
||
| 502 | _aথিসিস (পিএইচ. ডি.) -- ইসলামের ইতিহাস ও সংস্কৃতি বিভাগ, রাজশাহী বিশ্ববিদ্যালয়, ২০০২ | ||
| 504 | _aগ্রন্থ ও তথ্যপঞ্জি : পাতা [৩১৩]-৩৫২ | ||
| 600 |
_c _x _9244713 |
||
| 650 |
_aমুসলিম মহিলা _zভারত _zবাংলা _xইতিহাস _y১৯০০-১৯৪৭ _9244637 |
||
| 650 |
_aMuslim women _zIndia _zBengal _xHistory _v1900-1947 _9244638 |
||
| 650 |
_aমুসলিম মহিলা _zভারত _zবাংলা _xসামাজিক পরিস্থিতি _y১৯০০-১৯৪৭ _9244662 |
||
| 650 |
_aMuslim women _zIndia _zBengal _xSocial conditions _y1900-1947 _9244663 |
||
| 700 |
_aআলী, এ. কে. এম. ইয়াকুব, গবেষণা তত্ত্বাবধায়ক _9244641 |
||
| 942 |
_2ddc _cTHE |
||
| 999 |
_c77909 _d77909 |
||